Psycho-social explorations of trauma, exclusion and violence (Registro nro. 321555)

Detalles MARC
000 -ENCABEZADO
Número de control [NR] 01102nam a22002897a 4500
005 - FECHA Y HORA DE LA ÚLTIMA TRANSACCIÓN
control field 20220808104826.0
008 - DE LONGITUD FIJA DE DATOS DE ELEMENTOS - INFORMACIÓN GENERAL
Elementos de longitud fija [NR] 220808s2022 enk |||gr|||| 00| 0 eng d
020 ## - NUMERO INTERNACIONAL NORMALIZADO PARA LIBROS [R]
Número Internacional Normalizado del libro [NR] 9781032121130
020 ## - NUMERO INTERNACIONAL NORMALIZADO PARA LIBROS [R]
Número Internacional Normalizado del libro [NR] 9780367893316
020 ## - NUMERO INTERNACIONAL NORMALIZADO PARA LIBROS [R]
Número Internacional Normalizado del libro [NR] 9781003223115
040 ## - FUENTE DE CATALOGACION [NR]
Agencia de catalogación original [NR] CO-BoUCM
Idioma de catalogación [NR] spa
Quien Cataloga Deissy Garcia
Quien Clasifica Deissy Garcia
041 0# - CODIGO DE IDIOMA [R]
Código de idioma para texto/pista de sonido o título separado [R] Inglés
060 ## - SIGNATURA TOPOGRAFICA DE LA BIBLIOTECA NACIONAL DE MEDICINA (NLM) [R]
Número clasificador [R] WM 140
100 1# - ASIENTO PRINCIPAL--NOMBRE PERSONAL [NR]
ID Autoridad 175385
Nombre personal [NR] Scanlon, Christopher
245 10 - MENCION DE TITULO [NR]
Título [NR] Psycho-social explorations of trauma, exclusion and violence
Parte restante del título [NR] un-housed minds and inhospitable environments
Mención de responsabilidad, etc. [NR] Christopher Scanlon, John Adlam
260 ## - PUBLICACION, DISTRIBUCION, ETC. (PIE DE IMPRENTA) [R]
Lugar de publicación, distribución, etc. [R] Abingdon, Oxon (Reino Unido)
-- Nueva York
Nombre del editor, distribuidor, etc. [R] Routledge
Fecha de publicación, distribución, etc. [R] 2022
300 ## - DESCRIPCION FISICA [R]
Extensión [R] xxviii, 185 páginas
490 0# - MENCION DE SERIE [R]
Mención de serie [R] The new international library of group analysis
504 ## - NOTA DE BIBLIOGRAFIA, ETC. [R]
Nota de bibliografía, etc. [NR] Incluye referencias bibliográficas e índices
650 #7 - ASIENTO SECUNDARIO DE MATERIA - TERMINO TEMATICO [R]
9 (RLIN) 18207
Término temático o nombre geográfico como elemento de entrada [NR] Justicia social
650 #7 - ASIENTO SECUNDARIO DE MATERIA - TERMINO TEMATICO [R]
9 (RLIN) 18206
Término temático o nombre geográfico como elemento de entrada [NR] Justicia restaurativa
650 #0 - ASIENTO SECUNDARIO DE MATERIA - TERMINO TEMATICO [R]
9 (RLIN) 79668
Término temático o nombre geográfico como elemento de entrada [NR] Trastornos de estrés postraumático
650 #7 - ASIENTO SECUNDARIO DE MATERIA - TERMINO TEMATICO [R]
9 (RLIN) 22782
Término temático o nombre geográfico como elemento de entrada [NR] Psicoanálisis de grupo
650 #7 - ASIENTO SECUNDARIO DE MATERIA - TERMINO TEMATICO [R]
9 (RLIN) 25361
Término temático o nombre geográfico como elemento de entrada [NR] Terapia de grupo
700 1# - ASIENTO SECUNDARIO - NOMBRE PERSONAL [R]
9 (RLIN) 175386
Nombre personal [NR] Adlam, John
942 ## - ELEMENTOS DE ENTRADA AGREGADOS (KOHA)
Sistema de clasificación NLM
Tipo de ítem principal el descrito en 300a Libro
Tema principal Medicina
Edición 1
Clasificación WM 140
Parte restante de la signatura top. S283p
Título oculto en OPAC No
Existencias
Signatura topográfica Código de barras Última vez visto Ejemplar Costo de reposición Price effective from Tipo de ítem Nota pública (OPAC) Perdido Sistema de clasificación Dañado No prestable Tipo de ítem específico Suprimido Ubicación habitual Ubicación actual Localización Fecha de creación Forma de adquisición Costo
WM 140 S283p 100170573 12/12/2025 Ej.1 212480.00 08/08/2022 Libro Spot Psicología & Psiquiatría   NLM     Libro   Quinta de Mutis Quinta de Mutis 3er piso 08/08/2022 Compra 212480.00